[Event "World Chess Olympiad 2018"]
[Site "Batumi"]
[Date "2018.09.27"]
[Round "4"]
[Board "4"]
[WhiteFideId "7200277"]
[White "Samuelsen Carl Eli Nolsoe"]
[BlackFideId "628859"]
[Black "Jessel Stephen"]
[Result "1/2-1/2"]
[LiveChessVersion "1.4.8"]
[BlackElo "2317"]
[WhiteElo "2237"]

1. d4 {[%clk 1:30:45]} e6 {[%clk 1:30:45]} 2. Nf3 {[%clk 1:30:34]} c5
{[%clk 1:29:54]} 3. e4 {[%clk 1:29:30]} cxd4 {[%clk 1:30:11]} 4. Nxd4
{[%clk 1:29:52]} a6 {[%clk 1:30:32]} 5. Bd3 {[%clk 1:28:42]} Nf6 {[%clk 1:30:31]}
6. Nc3 {[%clk 1:27:31]} Qc7 {[%clk 1:30:41]} 7. O-O {[%clk 1:27:17]} Bc5
{[%clk 1:30:35]} 8. Nb3 {[%clk 1:27:01]} Be7 {[%clk 1:30:53]} 9. Qe2
{[%clk 1:25:13]} d6 {[%clk 1:31:10]} 10. f4 {[%clk 1:21:51]} Nbd7
{[%clk 1:30:27]} 11. Bd2 {[%clk 1:21:53]} b5 {[%clk 1:28:17]} 12. Rae1
{[%clk 1:15:52]} b4 {[%clk 1:25:03]} 13. Nd1 {[%clk 1:10:47]} Bb7
{[%clk 1:17:59]} 14. Kh1 {[%clk 0:57:07]} d5 {[%clk 0:56:37]} 15. f5
{[%clk 0:43:05]} e5 {[%clk 0:47:16]} 16. exd5 {[%clk 0:40:42]} Nxd5
{[%clk 0:42:40]} 17. Ne3 {[%clk 0:36:24]} O-O {[%clk 0:32:08]} 18. Nxd5
{[%clk 0:35:10]} Bxd5 {[%clk 0:32:23]} 19. f6 {[%clk 0:26:06]} Nxf6
{[%clk 0:24:10]} 20. Qxe5 {[%clk 0:22:37]} Qxe5 {[%clk 0:17:16]} 21. Rxe5
{[%clk 0:22:58]} Rfe8 {[%clk 0:08:13]} 22. Rfe1 {[%clk 0:12:10]} Bd6
{[%clk 0:06:01]} 23. Rxe8+ {[%clk 0:12:35]} Nxe8 {[%clk 0:06:02]} 24. Be4
{[%clk 0:12:27]} Bxe4 {[%clk 0:03:15]} 25. Rxe4 {[%clk 0:12:52]} Rc8
{[%clk 0:03:09]} 26. c3 {[%clk 0:10:23]} f5 {[%clk 0:02:32]} 27. Re2
{[%clk 0:04:32]} bxc3 {[%clk 0:01:42]} 28. Bxc3 {[%clk 0:04:54]} Kf7
{[%clk 0:01:22]} 29. Nd4 {[%clk 0:04:35]} g6 {[%clk 0:01:39]} 30. Nf3
{[%clk 0:04:30]} h6 {[%clk 0:01:40]} 31. Ne5+ {[%clk 0:03:51]} Bxe5
{[%clk 0:01:05]} 32. Rxe5 {[%clk 0:04:06]} Nd6 {[%clk 0:00:39]} 33. Ra5
{[%clk 0:02:00]} Rc6 {[%clk 0:00:55]} 34. Kg1 {[%clk 0:02:05]} Ke6
{[%clk 0:00:37]} 35. Kf1 {[%clk 0:02:03]} Nc4 {[%clk 0:00:31]} 36. Ra4
{[%clk 0:02:05]} Ne3+ {[%clk 0:00:44]} 37. Kf2 {[%clk 0:01:45]} Nd1+
{[%clk 0:00:38]} 38. Ke2 {[%clk 0:01:11]} Nxc3+ {[%clk 0:00:55]} 1/2-1/2

[Event "World Chess Olympiad 2018"]
[Site "Batumi"]
[Date "2018.09.27"]
[Round "4"]
[Board "1"]
[WhiteFideId "813192"]
[White "Vocaturo Daniele"]
[BlackFideId "5500419"]
[Black "Amdouni Zoubaier"]
[Result "1-0"]
[LiveChessVersion "1.4.8"]
[BlackElo "2218"]
[WhiteElo "2615"]

1. e4 {[%clk 1:30:54]} c5 {[%clk 1:30:53]} 2. Nf3 {[%clk 1:31:06]} Nc6
{[%clk 1:31:19]} 3. Bb5 {[%clk 1:31:07]} e6 {[%clk 1:31:44]} 4. O-O
{[%clk 1:31:03]} Nge7 {[%clk 1:32:10]} 5. Re1 {[%clk 1:30:46]} a6
{[%clk 1:32:05]} 6. Bf1 {[%clk 1:30:56]} d5 {[%clk 1:32:24]} 7. d3
{[%clk 1:30:03]} g6 {[%clk 1:27:26]} 8. exd5 {[%clk 1:27:51]} Nxd5
{[%clk 1:22:37]} 9. Nbd2 {[%clk 1:22:58]} Bg7 {[%clk 1:15:25]} 10. Ne4
{[%clk 1:13:37]} b6 {[%clk 1:13:12]} 11. Bg5 {[%clk 1:12:17]} f6 {[%clk 1:07:35]}
12. Bd2 {[%clk 1:09:29]} O-O {[%clk 1:06:36]} 13. a4 {[%clk 1:09:49]} g5
{[%clk 0:52:27]} 14. g3 {[%clk 1:04:58]} h6 {[%clk 0:52:27]} 15. Bg2
{[%clk 1:01:17]} a5 {[%clk 0:36:37]} 16. Nc3 {[%clk 0:57:37]} Ra7
{[%clk 0:35:14]} 17. Nb5 {[%clk 0:50:06]} Raf7 {[%clk 0:22:52]} 18. d4
{[%clk 0:49:50]} g4 {[%clk 0:11:44]} 19. Nh4 {[%clk 0:50:13]} cxd4
{[%clk 0:12:10]} 20. Ng6 {[%clk 0:47:10]} f5 {[%clk 0:09:21]} 21. Nxf8
{[%clk 0:46:48]} Rxf8 {[%clk 0:09:42]} 22. c3 {[%clk 0:43:55]} dxc3
{[%clk 0:08:46]} 23. bxc3 {[%clk 0:41:25]} Ne5 {[%clk 0:08:09]} 24. Bxh6
{[%clk 0:37:14]} Bxh6 {[%clk 0:07:45]} 25. Bxd5 {[%clk 0:37:20]} Bg7
{[%clk 0:02:21]} 26. Bg2 {[%clk 0:36:55]} Qf6 {[%clk 0:02:10]} 27. Qd4
{[%clk 0:33:06]} Nd7 {[%clk 0:00:31]} 28. Qxf6 {[%clk 0:32:29]} Nxf6
{[%clk 0:01:01]} 29. Rab1 {[%clk 0:30:54]} Bd7 {[%clk 0:00:36]} 30. Nd4
{[%clk 0:29:35]} Nd5 {[%clk 0:00:37]} 31. Bxd5 {[%clk 0:23:57]} exd5
{[%clk 0:01:05]} 32. Rxb6 {[%clk 0:24:19]} Bxa4 {[%clk 0:00:32]} 33. Ra1
{[%clk 0:21:38]} Bxd4 {[%clk 0:00:42]} 34. cxd4 {[%clk 0:22:03]} Bc2
{[%clk 0:01:11]} 35. Rc1 {[%clk 0:21:11]} Bd3 {[%clk 0:01:03]} 36. Rbc6
{[%clk 0:20:50]} Bc4 {[%clk 0:00:38]} 37. Ra1 {[%clk 0:20:01]} Re8
{[%clk 0:00:58]} 38. Rf6 {[%clk 0:18:17]} a4 {[%clk 0:00:39]} 39. h3
{[%clk 0:17:41]} Ra8 {[%clk 0:00:33]} 40. Ra3 {[%clk 0:47:12]} gxh3
{[%clk 0:30:42]} 41. Rxf5 {[%clk 0:47:11]} Bb3 {[%clk 0:26:34]} 42. Kh2
{[%clk 0:45:21]} Re8 {[%clk 0:25:17]} 43. Ra1 {[%clk 0:41:35]} Re4
{[%clk 0:20:18]} 44. Rf4 {[%clk 0:41:50]} Rxf4 {[%clk 0:16:36]} 45. gxf4
{[%clk 0:42:16]} Kf7 {[%clk 0:16:58]} 46. Kxh3 {[%clk 0:42:42]} Kf6
{[%clk 0:17:05]} 47. Kg4 {[%clk 0:42:53]} Bc2 {[%clk 0:17:12]} 48. Rc1
{[%clk 0:38:15]} Bf5+ {[%clk 0:17:08]} 49. Kf3 {[%clk 0:38:26]} Bd3
{[%clk 0:17:07]} 50. Rc8 {[%clk 0:37:41]} Bc4 {[%clk 0:14:48]} 51. Rf8+
{[%clk 0:36:58]} Ke7 {[%clk 0:14:55]} 52. Ra8 {[%clk 0:37:19]} Bb3
{[%clk 0:15:21]} 53. f5 {[%clk 0:37:42]} Bc2 {[%clk 0:04:42]} 54. Kf4
{[%clk 0:38:02]} Kd6 {[%clk 0:04:20]} 55. Ra6+ {[%clk 0:38:17]} Kc7
{[%clk 0:03:22]} 56. f6 {[%clk 0:38:38]} Kd7 {[%clk 0:01:50]} 57. Ke5
{[%clk 0:38:59]} Bd1 {[%clk 0:01:36]} 58. f7 {[%clk 0:39:01]} Ke7
{[%clk 0:01:27]} 59. Ra7+ {[%clk 0:39:27]} 1-0

[Event "World Chess Olympiad 2018"]
[Site "Batumi"]
[Date "2018.09.27"]
[Round "4"]
[Board "2"]
[WhiteFideId "5500796"]
[White "Zaibi Amir"]
[BlackFideId "865834"]
[Black "Moroni Luca Jr"]
[Result "1/2-1/2"]
[LiveChessVersion "1.4.8"]
[BlackElo "2547"]
[WhiteElo "2361"]

1. e4 {[%clk 1:30:57]} c5 {[%clk 1:30:56]} 2. Nf3 {[%clk 1:31:21]} d6
{[%clk 1:31:23]} 3. d4 {[%clk 1:31:41]} cxd4 {[%clk 1:31:48]} 4. Nxd4
{[%clk 1:32:07]} Nf6 {[%clk 1:32:13]} 5. Nc3 {[%clk 1:32:32]} a6 {[%clk 1:32:41]}
6. Bg5 {[%clk 1:32:38]} Nbd7 {[%clk 1:33:06]} 7. Qd3 {[%clk 1:29:36]} g6
{[%clk 1:30:20]} 8. Be2 {[%clk 1:24:36]} Bg7 {[%clk 1:28:40]} 9. O-O
{[%clk 1:23:16]} h6 {[%clk 1:25:49]} 10. Bh4 {[%clk 1:21:25]} O-O
{[%clk 1:23:13]} 11. Rad1 {[%clk 1:21:15]} Qc7 {[%clk 1:18:24]} 12. Qe3
{[%clk 1:14:49]} Re8 {[%clk 1:14:04]} 13. f4 {[%clk 1:06:18]} b5 {[%clk 1:09:04]}
14. Bxf6 {[%clk 1:00:19]} Nxf6 {[%clk 1:07:00]} 15. e5 {[%clk 1:00:17]} Ng4
{[%clk 0:58:20]} 16. Qf3 {[%clk 0:59:04]} Qa7 {[%clk 0:54:23]} 17. Kh1
{[%clk 0:56:54]} dxe5 {[%clk 0:45:53]} 18. Nc6 {[%clk 0:55:50]} Qb7
{[%clk 0:42:00]} 19. Nd5 {[%clk 0:45:16]} e4 {[%clk 0:31:03]} 20. Qxe4
{[%clk 0:45:17]} Bf5 {[%clk 0:22:48]} 21. Ncxe7+ {[%clk 0:37:49]} Kf8
{[%clk 0:19:48]} 22. Qf3 {[%clk 0:37:30]} Rad8 {[%clk 0:12:59]} 23. Nxf5
{[%clk 0:24:09]} gxf5 {[%clk 0:13:24]} 24. Qa3+ {[%clk 0:23:57]} b4
{[%clk 0:11:07]} 25. Qxa6 {[%clk 0:23:57]} Qxa6 {[%clk 0:10:08]} 26. Bxa6
{[%clk 0:24:23]} Bxb2 {[%clk 0:08:46]} 27. Bb5 {[%clk 0:21:45]} Re6
{[%clk 0:05:36]} 28. h3 {[%clk 0:21:22]} Red6 {[%clk 0:05:08]} 29. Bc4
{[%clk 0:18:31]} Nf6 {[%clk 0:04:42]} 30. Ne3 {[%clk 0:18:17]} Ne4
{[%clk 0:04:04]} 31. Rxd6 {[%clk 0:16:17]} Rxd6 {[%clk 0:04:32]} 32. Nxf5
{[%clk 0:14:47]} Rf6 {[%clk 0:01:59]} 33. Bd3 {[%clk 0:09:56]} Nc5
{[%clk 0:01:42]} 34. Ne3 {[%clk 0:09:18]} Nxd3 {[%clk 0:01:51]} 35. cxd3
{[%clk 0:09:43]} Ra6 {[%clk 0:02:16]} 36. Nd5 {[%clk 0:08:33]} Ba3
{[%clk 0:02:34]} 37. Re1 {[%clk 0:06:51]} Ra5 {[%clk 0:01:43]} 38. Nb6
{[%clk 0:03:32]} Bb2 {[%clk 0:01:31]} 39. Nc4 {[%clk 0:01:03]} Rxa2
{[%clk 0:01:56]} 40. Nxb2 {[%clk 0:31:16]} Rxb2 {[%clk 0:32:24]} 41. Re4
{[%clk 0:30:45]} Kg7 {[%clk 0:27:03]} 42. Kh2 {[%clk 0:30:27]} Kf6
{[%clk 0:24:11]} 43. Kg3 {[%clk 0:28:49]} Kg6 {[%clk 0:20:34]} 44. Rd4
{[%clk 0:28:32]} Rd2 {[%clk 0:20:21]} 45. Rxb4 {[%clk 0:24:52]} Rxd3+
{[%clk 0:20:47]} 46. Kg4 {[%clk 0:24:56]} Rd5 {[%clk 0:20:06]} 47. Rb6+
{[%clk 0:24:35]} Kg7 {[%clk 0:19:38]} 48. Kh4 {[%clk 0:23:45]} Rf5
{[%clk 0:19:03]} 49. Rb4 {[%clk 0:23:15]} Ra5 {[%clk 0:17:59]} 50. Rb3
{[%clk 0:22:59]} Ra4 {[%clk 0:17:13]} 51. g3 {[%clk 0:22:58]} Kg6
{[%clk 0:16:56]} 52. Rb6+ {[%clk 0:23:19]} Kg7 {[%clk 0:17:03]} 53. Rd6
{[%clk 0:23:22]} Ra3 {[%clk 0:16:52]} 54. f5 {[%clk 0:23:03]} Ra5
{[%clk 0:14:58]} 55. g4 {[%clk 0:22:25]} Ra3 {[%clk 0:14:57]} 56. Rd1
{[%clk 0:22:39]} Rb3 {[%clk 0:15:01]} 57. Rg1 {[%clk 0:22:58]} Ra3
{[%clk 0:14:05]} 58. Rg3 {[%clk 0:23:21]} Ra7 {[%clk 0:13:44]} 59. Rb3
{[%clk 0:23:30]} Rc7 {[%clk 0:13:45]} 60. Kh5 {[%clk 0:23:53]} Rc6
{[%clk 0:13:24]} 61. Rb7 {[%clk 0:22:58]} Ra6 {[%clk 0:13:13]} 62. h4
{[%clk 0:22:12]} Rf6 {[%clk 0:13:10]} 63. Ra7 {[%clk 0:22:05]} Kg8
{[%clk 0:11:33]} 64. Ra5 {[%clk 0:21:08]} Rb6 {[%clk 0:11:25]} 65. g5
{[%clk 0:18:16]} hxg5 {[%clk 0:10:50]} 66. hxg5 {[%clk 0:18:41]} Rb1
{[%clk 0:10:04]} 67. g6 {[%clk 0:18:45]} Rh1+ {[%clk 0:10:14]} 68. Kg5
{[%clk 0:19:04]} Rg1+ {[%clk 0:10:30]} 69. Kf6 {[%clk 0:18:27]} fxg6
{[%clk 0:10:52]} 70. Ra8+ {[%clk 0:18:40]} Kh7 {[%clk 0:11:06]} 71. Ra7+
{[%clk 0:19:05]} Kg8 {[%clk 0:10:59]} 72. Rg7+ {[%clk 0:19:09]} Kf8
{[%clk 0:11:06]} 73. Ra7 {[%clk 0:12:03]} Kg8 {[%clk 0:11:25]} 74. Rg7+
{[%clk 0:11:29]} Kf8 {[%clk 0:11:49]} 75. Rxg6 {[%clk 0:11:54]} Ra1
{[%clk 0:12:13]} 76. Rg2 {[%clk 0:12:18]} Ra6+ {[%clk 0:12:38]} 77. Kg5
{[%clk 0:12:44]} Rb6 {[%clk 0:13:01]} 78. Ra2 {[%clk 0:13:01]} Kf7
{[%clk 0:13:22]} 1/2-1/2

[Event "World Chess Olympiad 2018"]
[Site "Batumi"]
[Date "2018.09.27"]
[Round "4"]
[Board "3"]
[WhiteFideId "813613"]
[White "Brunello Sabino"]
[BlackFideId "5500460"]
[Black "Boudriga Mohamed Ali"]
[Result "1-0"]
[LiveChessVersion "1.4.8"]
[BlackElo "2376"]
[WhiteElo "2552"]

1. c4 {[%clk 1:30:58]} g6 {[%clk 1:29:30]} 2. d4 {[%clk 1:31:04]} Bg7
{[%clk 1:29:52]} 3. e4 {[%clk 1:31:29]} d6 {[%clk 1:29:39]} 4. Nc3
{[%clk 1:31:08]} Nc6 {[%clk 1:28:08]} 5. Be3 {[%clk 1:26:32]} e5 {[%clk 1:26:47]}
6. Nge2 {[%clk 1:26:55]} Nh6 {[%clk 1:08:36]} 7. d5 {[%clk 1:19:13]} Ne7
{[%clk 1:00:09]} 8. h3 {[%clk 1:12:18]} f5 {[%clk 1:00:12]} 9. g3
{[%clk 1:12:28]} Nf7 {[%clk 0:57:35]} 10. f3 {[%clk 1:04:41]} fxe4
{[%clk 0:50:14]} 11. fxe4 {[%clk 0:59:25]} Bh6 {[%clk 0:50:10]} 12. Bxh6
{[%clk 0:56:52]} Nxh6 {[%clk 0:50:39]} 13. Qd2 {[%clk 0:54:56]} Nf7
{[%clk 0:50:54]} 14. Ng1 {[%clk 0:55:02]} Ng8 {[%clk 0:46:03]} 15. Nf3
{[%clk 0:55:24]} Nf6 {[%clk 0:46:30]} 16. g4 {[%clk 0:55:08]} O-O
{[%clk 0:36:14]} 17. O-O-O {[%clk 0:55:04]} a6 {[%clk 0:35:00]} 18. Kb1
{[%clk 0:46:23]} Bd7 {[%clk 0:34:39]} 19. Qc2 {[%clk 0:42:43]} Qb8
{[%clk 0:34:47]} 20. Ne2 {[%clk 0:36:58]} Qa7 {[%clk 0:32:36]} 21. Ng3
{[%clk 0:27:27]} b5 {[%clk 0:25:07]} 22. g5 {[%clk 0:19:09]} Ne8 {[%clk 0:25:07]}
23. h4 {[%clk 0:17:55]} Bg4 {[%clk 0:24:33]} 24. Rd3 {[%clk 0:13:23]} Ng7
{[%clk 0:19:12]} 25. Nh2 {[%clk 0:12:16]} Bd7 {[%clk 0:16:55]} 26. Be2
{[%clk 0:12:00]} Nd8 {[%clk 0:14:09]} 27. Bg4 {[%clk 0:08:36]} Rf2
{[%clk 0:11:31]} 28. Rd2 {[%clk 0:08:59]} Rxh2 {[%clk 0:11:32]} 29. Bxd7
{[%clk 0:09:23]} Rxh1+ {[%clk 0:10:01]} 30. Nxh1 {[%clk 0:09:53]} Nh5
{[%clk 0:08:25]} 31. Nf2 {[%clk 0:09:08]} Nb7 {[%clk 0:05:31]} 32. cxb5
{[%clk 0:04:49]} axb5 {[%clk 0:05:46]} 33. b4 {[%clk 0:05:18]} Rf8
{[%clk 0:02:41]} 34. Bxb5 {[%clk 0:04:18]} Qe3 {[%clk 0:01:13]} 35. Kb2
{[%clk 0:03:12]} Rf3 {[%clk 0:01:13]} 36. Nd3 {[%clk 0:02:08]} Ng3
{[%clk 0:01:33]} 37. Rf2 {[%clk 0:01:49]} Qd4+ {[%clk 0:00:47]} 38. Kb1
{[%clk 0:00:33]} Nxe4 {[%clk 0:01:01]} 39. Rxf3 {[%clk 0:00:54]} Nc3+
{[%clk 0:01:17]} 40. Kc1 {[%clk 0:31:00]} Nxb5 {[%clk 0:30:39]} 41. Qc6
{[%clk 0:21:26]} Qc3+ {[%clk 0:24:25]} 42. Qxc3 {[%clk 0:17:37]} Nxc3
{[%clk 0:24:53]} 43. Nf4 {[%clk 0:17:26]} Nxa2+ {[%clk 0:00:50]} 44. Kb2
{[%clk 0:17:26]} Nxb4 {[%clk 0:00:46]} 45. Ne6 {[%clk 0:17:40]} h5
{[%clk 0:01:00]} 46. Rb3 {[%clk 0:15:17]} Nc5 {[%clk 0:00:37]} 47. Rxb4
{[%clk 0:15:28]} Nxe6 {[%clk 0:00:46]} 48. dxe6 {[%clk 0:15:47]} Kf8
{[%clk 0:01:15]} 49. Rb8+ {[%clk 0:15:56]} 1-0

[Event "World Chess Olympiad 2018"]
[Site "Batumi"]
[Date "2018.09.27"]
[Round "4"]
[Board "4"]
[WhiteFideId "5500770"]
[White "Taieb Sahbi"]
[BlackFideId "818860"]
[Black "Valsecchi Alessio"]
[Result "0-1"]
[LiveChessVersion "1.4.8"]
[BlackElo "2500"]
[WhiteElo "2146"]

1. Nf3 {[%clk 1:30:57]} c5 {[%clk 1:30:34]} 2. e4 {[%clk 1:31:21]} d6
{[%clk 1:30:45]} 3. d4 {[%clk 1:31:47]} cxd4 {[%clk 1:31:10]} 4. Nxd4
{[%clk 1:31:36]} Nf6 {[%clk 1:31:33]} 5. Nc3 {[%clk 1:32:02]} a6 {[%clk 1:31:44]}
6. f3 {[%clk 1:31:27]} e5 {[%clk 1:31:51]} 7. Nb3 {[%clk 1:31:53]} Be7
{[%clk 1:32:05]} 8. Be3 {[%clk 1:32:19]} O-O {[%clk 1:32:25]} 9. Qd2
{[%clk 1:32:44]} Be6 {[%clk 1:32:48]} 10. O-O-O {[%clk 1:32:03]} a5
{[%clk 1:32:32]} 11. Bb5 {[%clk 1:30:43]} Na6 {[%clk 1:28:59]} 12. Qf2
{[%clk 1:16:34]} Nc7 {[%clk 1:24:51]} 13. Bb6 {[%clk 1:08:55]} Qb8
{[%clk 1:22:15]} 14. a4 {[%clk 0:59:49]} Rc8 {[%clk 1:12:41]} 15. Bxc7
{[%clk 0:46:18]} Qxc7 {[%clk 1:10:03]} 16. Kb1 {[%clk 0:46:34]} Qd8
{[%clk 1:04:17]} 17. g4 {[%clk 0:44:15]} Ne8 {[%clk 0:38:21]} 18. Nd5
{[%clk 0:17:07]} Nc7 {[%clk 0:33:11]} 19. Nxc7 {[%clk 0:11:04]} Qxc7
{[%clk 0:33:03]} 20. Rd3 {[%clk 0:10:31]} b6 {[%clk 0:28:50]} 21. Rhd1
{[%clk 0:09:07]} Qb7 {[%clk 0:28:50]} 22. Nc1 {[%clk 0:08:46]} Rc5
{[%clk 0:25:40]} 23. Ne2 {[%clk 0:05:20]} d5 {[%clk 0:21:55]} 24. exd5
{[%clk 0:04:56]} Rxd5 {[%clk 0:21:53]} 25. Nc3 {[%clk 0:03:32]} Rxd3
{[%clk 0:21:21]} 26. Rxd3 {[%clk 0:03:40]} Rd8 {[%clk 0:15:36]} 27. Rxd8+
{[%clk 0:03:19]} Bxd8 {[%clk 0:16:04]} 28. Qe2 {[%clk 0:02:12]} Qc7
{[%clk 0:13:41]} 29. Ne4 {[%clk 0:01:48]} Be7 {[%clk 0:13:20]} 30. Qd3
{[%clk 0:00:56]} h6 {[%clk 0:12:47]} 31. h3 {[%clk 0:01:13]} g6 {[%clk 0:12:53]}
32. Nd2 {[%clk 0:00:35]} Qd6 {[%clk 0:09:18]} 33. Qxd6 {[%clk 0:00:57]} Bxd6
{[%clk 0:09:46]} 34. Bc4 {[%clk 0:01:12]} Bc8 {[%clk 0:07:24]} 35. Bd5
{[%clk 0:01:34]} Kg7 {[%clk 0:07:13]} 36. Nc4 {[%clk 0:01:35]} Bc7
{[%clk 0:07:32]} 37. c3 {[%clk 0:01:12]} Bd7 {[%clk 0:07:36]} 38. b3
{[%clk 0:01:31]} f5 {[%clk 0:07:48]} 39. Kc2 {[%clk 0:01:48]} Kf6
{[%clk 0:03:46]} 40. Ne3 {[%clk 0:31:01]} Kg5 {[%clk 0:30:52]} 41. Bf7
{[%clk 0:28:36]} Bc6 {[%clk 0:26:00]} 42. Nd5 {[%clk 0:18:58]} Bd8
{[%clk 0:24:43]} 43. c4 {[%clk 0:19:11]} h5 {[%clk 0:22:45]} 44. Be6
{[%clk 0:15:03]} hxg4 {[%clk 0:19:09]} 45. hxg4 {[%clk 0:15:09]} e4
{[%clk 0:19:27]} 46. gxf5 {[%clk 0:13:55]} exf3 {[%clk 0:15:36]} 47. fxg6
{[%clk 0:13:34]} Kxg6 {[%clk 0:15:20]} 48. Kd2 {[%clk 0:13:26]} Bg5+
{[%clk 0:14:06]} 49. Ke1 {[%clk 0:13:35]} Bh4+ {[%clk 0:14:08]} 50. Kf1
{[%clk 0:12:42]} Kg5 {[%clk 0:12:44]} 51. Nc3 {[%clk 0:06:54]} Kf4
{[%clk 0:11:53]} 52. Nd5+ {[%clk 0:05:16]} Kg5 {[%clk 0:10:29]} 53. Nc3
{[%clk 0:05:29]} Be8 {[%clk 0:09:42]} 54. Bd5 {[%clk 0:05:14]} Kf4
{[%clk 0:09:35]} 55. Ne4 {[%clk 0:02:02]} Ke3 {[%clk 0:08:12]} 56. c5
{[%clk 0:00:38]} bxc5 {[%clk 0:06:16]} 57. Nxc5 {[%clk 0:00:39]} Bg6
{[%clk 0:05:39]} 58. Bc4 {[%clk 0:00:52]} Bf5 {[%clk 0:05:45]} 59. Be6
{[%clk 0:00:40]} Bc2 {[%clk 0:05:39]} 60. b4 {[%clk 0:00:57]} Bd1
{[%clk 0:05:34]} 61. Bh3 Bf2 0-1

[Event "World Chess Olympiad 2018"]
[Site "Batumi"]
[Date "2018.09.27"]
[Round "4"]
[Board "2"]
[WhiteFideId "1024523"]
[White "Beukema Stefan"]
[BlackFideId "3702308"]
[Black "Vazquez Guillermo"]
[Result "1-0"]
[LiveChessVersion "1.4.8"]
[BlackElo "2468"]
[WhiteElo "2396"]

1. e4 {[%clk 1:30:55]} c6 {[%clk 1:30:43]} 2. d4 {[%clk 1:31:16]} d5
{[%clk 1:31:05]} 3. Nc3 {[%clk 1:31:41]} dxe4 {[%clk 1:31:25]} 4. Nxe4
{[%clk 1:32:03]} Bf5 {[%clk 1:31:42]} 5. Ng3 {[%clk 1:32:27]} Bg6
{[%clk 1:32:00]} 6. Nh3 {[%clk 1:32:28]} e6 {[%clk 1:30:45]} 7. Nf4
{[%clk 1:32:28]} Qh4 {[%clk 1:29:07]} 8. c3 {[%clk 1:15:39]} Nd7 {[%clk 1:26:46]}
9. Qf3 {[%clk 1:14:37]} Ngf6 {[%clk 1:24:25]} 10. Nxg6 {[%clk 1:08:15]} hxg6
{[%clk 1:24:47]} 11. Qf4 {[%clk 1:08:34]} Be7 {[%clk 0:59:31]} 12. Qxh4
{[%clk 1:02:22]} Rxh4 {[%clk 0:59:58]} 13. Bg5 {[%clk 1:02:03]} Rh8
{[%clk 0:58:57]} 14. Be2 {[%clk 1:01:50]} Nd5 {[%clk 0:53:03]} 15. Bd2
{[%clk 1:01:33]} g5 {[%clk 0:53:19]} 16. O-O {[%clk 0:57:23]} Nf4
{[%clk 0:49:50]} 17. Bf3 {[%clk 0:57:35]} f5 {[%clk 0:48:42]} 18. Rfe1
{[%clk 0:52:48]} Kf7 {[%clk 0:47:50]} 19. Bd1 {[%clk 0:51:39]} Nf6
{[%clk 0:40:14]} 20. Bb3 {[%clk 0:51:07]} N6d5 {[%clk 0:40:31]} 21. c4
{[%clk 0:48:07]} Nf6 {[%clk 0:39:26]} 22. d5 {[%clk 0:48:15]} cxd5
{[%clk 0:36:14]} 23. cxd5 {[%clk 0:47:39]} N4xd5 {[%clk 0:31:17]} 24. Bxg5
{[%clk 0:47:24]} g6 {[%clk 0:30:26]} 25. Re2 {[%clk 0:44:04]} Rhe8
{[%clk 0:29:17]} 26. Rae1 {[%clk 0:37:18]} Bb4 {[%clk 0:29:24]} 27. Rd1
{[%clk 0:36:48]} Nh7 {[%clk 0:25:10]} 28. Bxd5 {[%clk 0:35:03]} exd5
{[%clk 0:24:01]} 29. Rxe8 {[%clk 0:35:21]} Rxe8 {[%clk 0:24:18]} 30. Be3
{[%clk 0:35:46]} Nf6 {[%clk 0:23:09]} 31. a3 {[%clk 0:35:44]} Bd6
{[%clk 0:23:08]} 32. Bxa7 {[%clk 0:35:50]} Bxg3 {[%clk 0:21:59]} 33. hxg3
{[%clk 0:29:54]} Re2 {[%clk 0:22:21]} 34. Bd4 {[%clk 0:29:31]} Ne4
{[%clk 0:21:53]} 35. Rd3 {[%clk 0:24:23]} Rd2 {[%clk 0:16:01]} 36. Rxd2
{[%clk 0:21:43]} Nxd2 {[%clk 0:16:27]} 37. f3 {[%clk 0:19:24]} Nb3
{[%clk 0:15:53]} 38. Bb6 {[%clk 0:19:27]} d4 {[%clk 0:14:06]} 39. Kf2
{[%clk 0:19:29]} Ke6 {[%clk 0:14:08]} 40. Ke2 {[%clk 0:49:40]} Kd5
{[%clk 0:44:32]} 41. Kd3 {[%clk 0:49:51]} Nc1+ {[%clk 0:43:02]} 42. Kc2
{[%clk 0:47:36]} Ne2 {[%clk 0:43:16]} 43. Bc7 {[%clk 0:47:42]} Kc4
{[%clk 0:39:28]} 44. b3+ {[%clk 0:45:35]} Kc5 {[%clk 0:37:29]} 45. Bb8
{[%clk 0:39:46]} b6 {[%clk 0:29:37]} 46. Bf4 {[%clk 0:37:12]} g5 {[%clk 0:22:09]}
47. Kd3 {[%clk 0:30:51]} Nxf4+ {[%clk 0:22:14]} 48. gxf4 {[%clk 0:31:16]} gxf4
{[%clk 0:22:39]} 49. b4+ {[%clk 0:31:41]} Kb5 {[%clk 0:22:56]} 50. Kxd4
{[%clk 0:32:05]} Ka4 {[%clk 0:23:19]} 51. Kc4 {[%clk 0:32:11]} Kxa3
{[%clk 0:23:42]} 52. Kb5 {[%clk 0:32:35]} 1-0

[Event "World Chess Olympiad 2018"]
[Site "Batumi"]
[Date "2018.09.27"]
[Round "4"]
[Board "3"]
[WhiteFideId "2209381"]
[White "Franco Ocampos Zenon"]
[BlackFideId "240990"]
[Black "Dardha Daniel"]
[Result "1-0"]
[LiveChessVersion "1.4.8"]
[BlackElo "2299"]
[WhiteElo "2486"]

1. Nf3 {[%clk 1:30:56]} Nf6 {[%clk 1:30:49]} 2. c4 {[%clk 1:31:18]} c5
{[%clk 1:30:30]} 3. Nc3 {[%clk 1:31:17]} e6 {[%clk 1:30:22]} 4. e3
{[%clk 1:31:08]} Nc6 {[%clk 1:29:42]} 5. d4 {[%clk 1:31:21]} cxd4
{[%clk 1:30:06]} 6. exd4 {[%clk 1:31:46]} d5 {[%clk 1:30:24]} 7. a3
{[%clk 1:30:57]} Be7 {[%clk 1:30:31]} 8. c5 {[%clk 1:31:06]} Ne4 {[%clk 1:25:28]}
9. Qc2 {[%clk 1:31:22]} Nxc3 {[%clk 1:18:41]} 10. Qxc3 {[%clk 1:31:47]} O-O
{[%clk 1:17:46]} 11. b4 {[%clk 1:31:11]} e5 {[%clk 0:57:39]} 12. dxe5
{[%clk 1:21:36]} Bg4 {[%clk 0:46:29]} 13. Bb2 {[%clk 1:20:11]} f6
{[%clk 0:38:03]} 14. e6 {[%clk 1:09:44]} b6 {[%clk 0:24:09]} 15. Bb5
{[%clk 1:01:49]} Qc8 {[%clk 0:08:40]} 16. cxb6 {[%clk 0:50:50]} Qxe6+
{[%clk 0:07:54]} 17. Qe3 {[%clk 0:49:50]} Ne5 {[%clk 0:08:06]} 18. Nxe5
{[%clk 0:34:41]} fxe5 {[%clk 0:08:30]} 19. Bxe5 {[%clk 0:33:46]} Qxb6
{[%clk 0:05:34]} 20. Qxb6 {[%clk 0:32:16]} axb6 {[%clk 0:05:55]} 21. Bc6
{[%clk 0:32:36]} Rad8 {[%clk 0:04:24]} 22. Bc7 {[%clk 0:31:06]} Bf6
{[%clk 0:04:01]} 23. Bxd8 {[%clk 0:28:14]} Bc3+ {[%clk 0:04:23]} 24. Kf1
{[%clk 0:28:39]} Bxa1 {[%clk 0:04:47]} 25. Bxd5+ {[%clk 0:20:54]} Kh8
{[%clk 0:05:14]} 26. Bxb6 {[%clk 0:20:41]} Bb2 {[%clk 0:03:12]} 27. f3
{[%clk 0:19:16]} Bxa3 {[%clk 0:02:29]} 28. Ke2 {[%clk 0:19:45]} Re8+
{[%clk 0:02:21]} 29. Kd3 {[%clk 0:19:28]} Bf5+ {[%clk 0:02:38]} 30. Kc4
{[%clk 0:19:30]} Bb2 {[%clk 0:00:55]} 31. Bd4 {[%clk 0:18:54]} Rc8+
{[%clk 0:01:04]} 32. Bc5 {[%clk 0:19:19]} Be5 {[%clk 0:01:14]} 33. g3
{[%clk 0:19:28]} Bf6 {[%clk 0:00:35]} 34. Re1 {[%clk 0:19:24]} h5
{[%clk 0:00:57]} 35. Bf7 {[%clk 0:19:40]} h4 {[%clk 0:01:08]} 36. Re8+
{[%clk 0:19:52]} Rxe8 {[%clk 0:01:33]} 37. Bxe8 {[%clk 0:20:20]} Be6+
{[%clk 0:01:27]} 38. Kb5 {[%clk 0:20:42]} hxg3 {[%clk 0:01:34]} 39. hxg3
{[%clk 0:21:06]} Be5 {[%clk 0:01:42]} 40. f4 {[%clk 0:51:18]} Bb8
{[%clk 0:32:02]} 41. Kc6 {[%clk 0:51:34]} Kg8 {[%clk 0:31:28]} 42. Kb7
{[%clk 0:51:51]} 1-0